000
00338nam a2200145Ia 4500
008
230718s9999 xx 000 0 und d
041
_a
Eng.
082
_a
346.03
_b
BEL-N
100
_a
Bell, Andrew C.
245
0
_a
Nut Cases Employement
260
_a
Pakistan
_b
Sweet and Maxwell
_c
2001
300
_a
150
650
_a
Law
999
_c
29784
_d
29784